Viajes de ida y vuelta de escrituras y reescrituras en la literatura europea /

Bibliographic Details
Corporate Author: ebrary, Inc
Other Authors: Álvarez, María A. (Editor)
Format: eBook
Language:Spanish
Published: Mar del Plata, Argentina : Eudem, 2013.
Edition:1. ed.
Subjects:
Online Access:Connect to the full text of this electronic book

MARC

Tag First Indicator Second Indicator Subfields
LEADER 00000cam a2200000zi 4500
001 in00003582821
006 m o d
007 cr |n|||||||||
008 150820s2013 ag ob 000 0 spa d
005 20250816203949.3
020 |a 9781512910698  |q electronic book 
020 |a 1512910694  |q electronic book 
035 |a (NhCcYBP)ebr11072772 
040 |a NhCcYBP  |c NhCcYBP  |d UtOrBLW 
050 4 |a PN710  |b .V53 2013 
082 0 4 |a 809/.894  |2 23 
245 0 0 |a Viajes de ida y vuelta de escrituras y reescrituras en la literatura europea /  |c María A. Álvarez (Coord.) ; [ensayos de] Mariana Blanco [y otros siete]. 
250 |a 1. ed. 
264 1 |a Mar del Plata, Argentina :  |b Eudem,  |c 2013. 
300 |a 1 online resource. 
336 |a text  |b txt  |2 rdacontent 
337 |a computer  |b c  |2 rdamedia 
338 |a online resource  |b cr  |2 rdacarrier 
504 |a Includes bibliographical references. 
588 |a Description based on online resource; title from digital title page (viewed on August 20, 2015). 
500 |a Electronic resource. 
650 0 |a European literature  |x History and criticism.  |0 http://id.loc.gov/authorities/subjects/sh2008103358 
650 0 |a Literature  |x Adaptations.  |0 http://id.loc.gov/authorities/subjects/sh85077508 
650 0 |a Intertextuality.  |0 http://id.loc.gov/authorities/subjects/sh88005212 
655 7 |a Electronic books.  |2 local 
700 1 |a Álvarez, María A.,  |e editor. 
710 2 |a ebrary, Inc.  |0 http://id.loc.gov/authorities/names/no2007088509 
856 4 1 |u https://ebookcentral.proquest.com/lib/tamucs/detail.action?docID=3429478  |y Connect to the full text of this electronic book  |t 0 
945 |a machinegen 
955 |a YBP purchased firm e-records 
980 |b 21.03  |g 1 
987 |a ybp12517977 
999 f f |s fdb459e7-6e8c-325e-b393-0a905bbff6e5  |i f1b25a1f-4a85-3ea8-8c89-cd1b86793ccb  |t 0 
952 f f |a Texas A&M University  |b College Station  |c Electronic Resources  |d Available Online  |t 0  |e PN710 .V53 2013  |h Library of Congress classification 
998 f f |a PN710 .V53 2013  |t 0  |l Available Online